Statistiques concernant Opus de jeux vidéo #7 - Need for Speed

Cliquez ici pour prendre le quiz!

Statistiques générales

  • Ce quiz a été pris 146 fois
    (118 depuis la dernière actualisation)
  • Le résultat moyen est 12 sur 24

Statistiques - réponses

Année de sortiePlateformeJeu% Correct
1997PC / PS1Need for Speed II
84%
2015PC / PS4 / Xbox OneNeed for Speed
83%
1994PC / PS1 / Saturn / 3DOThe Need for Speed
83%
1998PC / PS1Need for Speed III - Poursuite Infernale
74%
2003PC / PS2 / Xbox / GC / GBANeed for Speed - Underground
73%
2012PC / PS3 / Vita / Xbox 360 / Wii U / MobileNeed for Speed - Most Wanted
71%
2005PC / PS2 / PSP / Xbox / Xbox 360/ GC / GBA / DS / MobileNeed for Speed - Most Wanted
71%
2019PC / PS4 / Xbox OneNeed for Speed - Heat
62%
2004PC / PS2 / PSP / Xbox / GC / GBA / DSNeed for Speed - Underground 2
62%
2020PC / PS4 / Xbox One / SwitchNeed for Speed - Hot Pursuit Remastered
61%
2010PC / PS3 / Xbox 360 / Wii / MobileNeed for Speed - Hot Pursuit
60%
2017PC / PS4 / Xbox OneNeed for Speed - Payback
57%
2006PC / PS2 / PS3 / PSP / Xbox / Xbox 360 / Wii / GC / GBA / DS / ZeeboNeed for Speed - Carbon
54%
2013PC / PS3 / PS4 / Xbox 360 / Xbox OneNeed for Speed - Rivals
48%
2009PC / PS3 / PSP / Xbox 360 / MobileNeed for Speed - Shift
41%
2008PC / PS2 / PS3 / PSP / Xbox 360 / Wii / DS / MobileNeed for Speed - Undercover
34%
2007PC / PS2 / PS3 / PSP / Xbox 360 / Wii / DSNeed for Speed - ProStreet
32%
2011PC / PS3 / Xbox 360 / Wii / 3DSNeed for Speed - The Run
31%
2009Wii / DSNeed for Speed - Nitro
30%
2011PC / PS3 / Xbox 360 / MobileNeed for Speed - Shift 2 - Unleashed
29%
2000PC / PS1 / GBANeed for Speed - Porsche 2000
28%
2010PCNeed for Speed - World
26%
2002PC / PS2 / Xbox / GCNeed for Speed - Poursuite Infernale 2
14%
1999PC / PS1Need for Speed - Conduite en état de Liberté
12%

Distribution des résultats

Percentile par nombre de réponses

% des personnes avec chaque résultat

Votre développement - résultats

Vous n’avez pas pris ce quiz depuis la dernière actualisation